Anatomy & physiology : The unity of form and function
This book weaves together science, clinical applications, history and evolution of the body with vibrant photos and art to convey the beauty and excitement of the subject.
Salvato in:
| Autore principale: | |
|---|---|
| Natura: | Libro |
| Lingua: | Undetermined |
| Pubblicazione: |
New York, NY
McGraw-Hill Education
2018
|
| Soggetti: | |
| Tags: |
Aggiungi Tag
Nessun Tag, puoi essere il primo ad aggiungerne! !
|
| Thư viện lưu trữ: | Trung tâm Học liệu Trường Đại học Cần Thơ |
|---|
| LEADER | 01012nam a2200229Ia 4500 | ||
|---|---|---|---|
| 001 | CTU_227346 | ||
| 008 | 210402s9999 xx 000 0 und d | ||
| 020 | |c 1281000 | ||
| 082 | |a 612 | ||
| 082 | |b S159 | ||
| 100 | |a Saladin, Kenneth S. | ||
| 245 | 0 | |a Anatomy & physiology : | |
| 245 | 4 | |b The unity of form and function | |
| 245 | 0 | |c Kenneth S. Saladin (Georgia College) ; digital authors, Christina A. Gan (Highline Community College), Heather N. Cushman (Tacoma Community College) | |
| 260 | |a New York, NY | ||
| 260 | |b McGraw-Hill Education | ||
| 260 | |c 2018 | ||
| 520 | |a This book weaves together science, clinical applications, history and evolution of the body with vibrant photos and art to convey the beauty and excitement of the subject. | ||
| 650 | |a Sinh lý học người,Giải phẫu người,Human physiology,Human anatomy | ||
| 650 | |x Sách giáo khoa,Sách giáo khoa,Textbooks,Textbooks | ||
| 910 | |b nthai | ||
| 980 | |a Trung tâm Học liệu Trường Đại học Cần Thơ | ||